000 01278cam a2200385 a 4500
001 22483
003 SK-KTurca
005 20260330141319.0
008 240702s1997 xo gr 000 f slo
015 _aSNBA1997/1103222
020 _a8022007986
035 _aSNK000245049
035 _aurn:nbn:sk:snk-amkuav
035 _aurn:nbn:sk:snk-am004pzu
035 _a4843AF08-C0B3-4B63-8871-9EF9225572F9
040 _aSNK
_bslo
_cSNK
_eAACR2
041 1 _aslo
_heng
044 _axo
_cSK
072 7 _a821.111(73)-3
_xAmerická próza
_2konspekt
080 _a821.111(73)-3
_22001
080 _a821.111(73)-32
_22001
100 1 _aMiller, Arthur,
_d1915-2005
_4aut
240 1 0 _aPlain girl
_lSlovensky
245 1 0 _aNepríťažlivé dievča
_bpríbeh jedného života
_cArthur Miller ; [z anglického originálu preložil Pavel Vilikovský]
260 _aBratislava
_bSlovenský spisovateľ
_cc1997
300 _a80 s.
_c17 cm
500 _aÚdaj o prekl. prevzatý z rubu tit. strany
655 7 _aamerické novely
_2SNKPH
655 7 _aspoločenské novely
_2SNKPH
700 1 _aVilikovský, Pavel,
_d1941-2020
_4trl
911 _aKN 1997/11
_b03222
942 _2ddc
_cKLDO
_n0
999 _c22483
_d22483